Guia networking empresarial : consolidació d'empreses de recent creació / Minds of Fire, S.L. consolidació d'empreses de recent creació / Minds of Fire, S.L.
Publicado:
Barcelona :
Diputació de Barcelona. Àrea de Desenvolupament Econòmic. Servei de Teixit Productiu ,
2008
Descripción Física:
109 p. ; 30 cm
MARC
| LEADER | 00000nam a2200000Ia 4500 | ||
|---|---|---|---|
| 001 | 20736 | ||
| 003 | BGR | ||
| 005 | 20260324180106.0 | ||
| 008 | 160829s2008 xx 000 0 cat d | ||
| 080 | |a M-6-83 | ||
| 110 | 2 | |a Minds of Fire, S.L. |9 71042 | |
| 245 | |a Guia networking empresarial : |b consolidació d'empreses de recent creació / Minds of Fire, S.L. | ||
| 260 | |a Barcelona : |b Diputació de Barcelona. Àrea de Desenvolupament Econòmic. Servei de Teixit Productiu, |c 2008 | ||
| 300 | |a 109 p. ; |c 30 cm | ||
| 590 | |a A la coberta: Indra | ||
| 650 | 0 | |a Xarxes socials en línia |9 50989 | |
| 650 | |a Xarxes d'empreses |9 46105 | ||
| 710 | |a Barcelona (Catalunya : Província). |b Servei de Teixit Productiu |9 53474 | ||
| 710 | 2 | |a Indra (Projecte) |9 71041 | |
| 901 | |a Arxiu | ||
| 942 | |n 1 |2 udc |c MON | ||
| 952 | |0 0 |1 0 |4 0 |6 M683 |7 1 |9 52994 |a Arxiu |b Arxiu |d 2016-12-01 |l 0 |o M-6-83 |p 20736 |r 2016-12-01 00:00:00 |w 2016-12-01 |y ARXIU | ||
| 999 | |c 56843 |d 56843 | ||